000 00356 a2200169 4500
001 182730
020 _a85-01-01181-9
040 _cMagnum
100 _aMárquez, Gabriel García
240 1 0 _aA revoada
_lpor
245 1 0 _aA revoada
300 _a144
362 0 _a1999
440 1 _aRecord
697 _aLITERATURA GERAL ESTRANGEIRA
942 _cBK
999 _c182730
_d182730